Statistics for Bundesliga Managers by Picture

Click here to take the quiz!

General Stats

  • This quiz has been taken 85 times
  • The average score is 8 of 10

Answer Stats

Answer% Correct
Hans-Dieter Flick
96%
Lucien Favre
91%
David Wagner
89%
Niko Kovač
89%
Christian Streich
86%
Adi Hütter
84%
Peter Bosz
77%
Oliver Glasner
72%
Florian Kohfeldt
69%
Heiko Herrlich
68%

Score Distribution

Percentile by Number Answered

Percent of People with Each Score

Your Score History

You have not taken this quiz